000 00784cam a2200289 4500
001 12097
003 BD-RjUL
005 20211208235232.0
008 140128s1968 enka 001 0 eng
020 _a0045800065
035 _a(BD-RjUL)12146
040 _aDLC
_cDLC
_dDLC
_beng
041 _aeng
082 0 0 _a581.014
_bPLM 1968
100 1 _aPlowden, C. Chicheley.
_937467
245 1 2 _aA manual of plant names /
_cC. Chicheley Plowden.
260 _aLondon :
_bAllen & Unwin,
_c1968.
300 _a260 p.
_billus.
_c23 cm.
350 _a55/-
504 _aIncludes index
650 0 _aPlants
_xNomenclature.
_937468
650 0 _aBotany
_xTerminology.
_937469
650 0 _aPlant names, Popular.
_937470
942 _2ddc
_cBK
999 _c12097
_d12097